Post pink : antologia di fumetto femminista /

Đã lưu trong:
Chi tiết về thư mục
Tác giả chính: Sedda, Elisabetta (Tác giả, Biên tập viên)
Tác giả của công ty: La Tram (Người vẽ tranh minh họa)
Tác giả khác: Fumettibrutti (Người vẽ tranh minh họa), Menetti, Sara (Người vẽ tranh minh họa), Milani, Alice (Người vẽ tranh minh họa), Morotti, Margherita (Người vẽ tranh minh họa), Murgia, Michela (Tác giả giới thiệu, v.v.), Pavan, Sara, (1981-) (Người vẽ tranh minh họa), Portolano, Cristina (Người vẽ tranh minh họa), Rocchi, Silvia, (1986- ) (Người vẽ tranh minh họa), Socal, Alice (Người vẽ tranh minh họa)
Định dạng: Sách
Ngôn ngữ:Tiếng Italy
Được phát hành: Milano : Feltrinelli, 2019
Loạt:Comics
Những chủ đề:
Các nhãn: Thêm thẻ
Không có thẻ, Là người đầu tiên thẻ bản ghi này!

MARC

LEADER 00000nam a22000007i 4500
001 IT\ICCU\LIA\0974996
003 ItRI
005 20260115232044.0
008 190322s2019 it |||||| ||||| |||||c
020 |a 9788807550218 
040 |b ita  |c importazione bologna sebina 
041 7 |a ita  |2 ISO-639-2 
082 |a 741.5945  |9 RACCOLTE DI VIGNETTE, CARICATURE, FUMETTI. Italia  |2 21 
100 1 |a Sedda, Elisabetta  |0 IT\ICCU\UBOV\344560  |4 aut 
240 1 0 |a Post pink  |3 IT\ICCU\VIA\0371334 
245 1 0 |a Post pink :  |b antologia di fumetto femminista /  |c a cura di Elisabetta Sedda ; prefazione di Michela Murgia. 
260 |a Milano :  |b Feltrinelli,  |c 2019 
300 |a 1 volume :  |b fumetti ;  |c 24 cm 
500 |a Storie di: Fumettibrutti, La Tram, Sara Menetti, Alice Milani, Margherita Morotti, Sara Pavan, Cristina Portolano, Silvia Rocchi, Alice Socal. 
650 7 |a FUMETTI ITALIANI  |2 scbi 
700 0 |a Fumettibrutti  |0 IT\ICCU\UBOV\460694  |4 ill 
700 1 |a Menetti, Sara  |0 IT\ICCU\ANAV\223812  |4 ill 
700 1 |a Milani, Alice  |0 IT\ICCU\PUVV\441450  |4 ill 
700 1 |a Morotti, Margherita  |0 IT\ICCU\UFEV\421927  |4 ill 
700 1 |a Murgia, Michela  |0 IT\ICCU\UBOV\032542  |4 aui 
700 1 |a Pavan, Sara,  |d  (1981-)  |0 IT\ICCU\RMSV\988120  |4 ill 
700 1 |a Portolano, Cristina  |0 IT\ICCU\MODV\660600  |4 ill 
700 1 |a Rocchi, Silvia,  |d  (1986- )  |0 IT\ICCU\LO1V\454234  |4 ill 
700 1 |a Sedda, Elisabetta  |0 IT\ICCU\UBOV\344560  |4 edt 
700 1 |a Socal, Alice  |0 IT\ICCU\UBOV\345130  |4 ill 
710 2 |a La Tram  |0 IT\ICCU\LI3V\001259  |4 ill 
790 1 |a Milani Comparetti, Alice,  |d  (1986- )  |3 IT\ICCU\IEIV\222211  |z Milani, Alice 
790 1 |a Signorelli, Josephine Yole  |3 IT\ICCU\UBOV\460696  |z Fumettibrutti 
830 0 |a Comics  |0 IT\ICCU\RT1\0089507 
942 |2 ddc  |c BK  |n 0 
952 |0 0  |1 0  |4 0  |6 F_741_508000000000000_SED  |7 0  |9 19277  |a BO  |b BO  |d 2026-01-15  |i 19194  |l 0  |o F 741.508 SED  |p BO19194  |r 2026-01-15 23:20:44  |w 2026-01-15  |x [Sebina 5] [1 v.]  |y BK  |z 1 v. 
999 |c 16407  |d 16407